<?xml version="1.0" encoding="UTF-8"?>
<marc:record xmlns:marc="http://www.loc.gov/MARC21/slim">
   <marc:leader>00000nam a2200000 a 4500</marc:leader>
   <marc:datafield ind1="1" ind2=" " tag="100">
      <marc:subfield code="a">Herholz, Sabine</marc:subfield>
      <marc:subfield code="4">ctb</marc:subfield>
      <marc:subfield code="e">Mitwirkende/-r</marc:subfield>
   </marc:datafield>
   <marc:datafield ind1=" " ind2=" " tag="653">
      <marc:subfield code="a">Kirchenbau</marc:subfield>
   </marc:datafield>
   <marc:datafield ind1=" " ind2=" " tag="653">
      <marc:subfield code="a">Ausstattung</marc:subfield>
   </marc:datafield>
   <marc:datafield ind1=" " ind2=" " tag="653">
      <marc:subfield code="a">DVD-Video</marc:subfield>
   </marc:datafield>
   <marc:datafield ind1=" " ind2=" " tag="653">
      <marc:subfield code="a">Theologie / Praktische Theologie</marc:subfield>
   </marc:datafield>
   <marc:datafield ind1=" " ind2=" " tag="653">
      <marc:subfield code="a">DVD-Video &lt;für Kinder&gt;</marc:subfield>
   </marc:datafield>
   <marc:datafield ind1="0" ind2="0" tag="245">
      <marc:subfield code="a">Wir schaun uns um in Gottes Haus</marc:subfield>
   </marc:datafield>
   <marc:datafield ind1="0" ind2="0" tag="245">
      <marc:subfield code="b">ein kleiner Kinder-Kirchenführer</marc:subfield>
   </marc:datafield>
   <marc:datafield ind1="0" ind2="0" tag="245">
      <marc:subfield code="c">Produktion: Picture-Planet-Filmproduktion GmbH. Sabine Herholz ...</marc:subfield>
   </marc:datafield>
   <marc:datafield ind1=" " ind2="1" tag="264">
      <marc:subfield code="a">München</marc:subfield>
      <marc:subfield code="b">Bernward bei Don Bosco</marc:subfield>
      <marc:subfield code="c">2005</marc:subfield>
   </marc:datafield>
   <marc:datafield ind1="1" ind2=" " tag="520">
      <marc:subfield code="a">Angaben aus der Verlagsmeldung

Wir schaun uns um in Gottes Haus : Ein kleiner Kinder-Kirchenführer / von Sabine Herholz

Hör mal, schau mal: Warum haben Kirchen einen Turm? Wofür ist der Tisch in der Mitte der Kirche? Was ist ein "Tabernakel"?

Kirchen sind nicht nur wichtige Bauwerke in unseren Städten und Dörfern. Sie sind auch "Gottes Haus" und erzählen uns schöner als jedes Buch vom Glauben. Aber nur wer Bescheid weiß, entdeckt die Symbolwelt der Kirchen.

Eine DVD für Kinder und alle, die einfach, anschaulich und lebhaft erfahren möchten, was es in einer Kirche zu sehen gibt und was es bedeutet.

Kinder schauen gerne fern. Und nichts ist spannender für Kinder als Neues zu entdecken. Diese natürliche Neugiert und Begeisterungsfähigkeit nutzt diese DVD-Reihe, um christilichen Glauben, religiöse Symbole und Traditionen in ganz neuer Art zu erklären.

Ob in Familie, Kindergarten, Schule oder in der Gruppenstunde zum Erstkommunionunterricht: Die wichtigsten Fakten werden auf einfache, verständliche und motivierende Art Kindern erklärt und auf neue, pfiffige Art erfahrbar gemacht.

Durch die Möglichkeit der Sprachwahl, zu Beginn des Programmes, eignet sich die DVD außerdem zum Einsatz im Sprachunterricht der Schule.

Pädagogischer Einsatz einmal anders: Durch die Einzelanwahl von Kapiteln bzw. kleinen Themeneinheiten (z. B. Ostern) kann man individuell und sehr differenziert mit dem Medium arbeiten und auf die unterschiedlichen Bedürfnisse der Kinder eingehen.

Das beigefügte Booklet zeigt den religionspädagogischen Nutzen auf und gibt Eltern und Multiplikatoren Tipps für die verschiedenen Einsatz- und Arbeitsmöglichkeiten der DVD.
</marc:subfield>
   </marc:datafield>
   <marc:datafield ind1=" " ind2=" " tag="020">
      <marc:subfield code="a">9783769815030</marc:subfield>
      <marc:subfield code="9">9783769815030</marc:subfield>
   </marc:datafield>
   <marc:datafield ind1=" " ind2=" " tag="020">
      <marc:subfield code="a">3769815033</marc:subfield>
      <marc:subfield code="9">3769815033</marc:subfield>
   </marc:datafield>
   <marc:datafield ind1=" " ind2=" " tag="041">
      <marc:subfield code="a">ger</marc:subfield>
   </marc:datafield>
   <marc:datafield ind1=" " ind2=" " tag="300">
      <marc:subfield code="a">1 DVD-Video</marc:subfield>
   </marc:datafield>
</marc:record>
